000 00443pab a2200169 454500
008 180718b1991 xxu||||| |||| 00| 0 eng d
245 _aSpecial issue on administering elections in India
260 _c1991
300 _ap.267-636.
362 _aJul-Sep
650 _aSpecial issue - Elections
650 _aElections - India
650 _aElections
773 _aIndian Journal of Public Administration
908 _aN
909 _a21311
999 _c21311
_d21311